000 00674cam a2200253 4500
001 ABS68420
008 041124n2004 000 0 eng u
035 _a(Sirsi) u128119
245 _aRegional survey: Norfolk and Suffolk
260 _c2004
490 _aProperty Week
_v69(43) 22 October 2004, 79-86(6)
590 _aABS
590 _aABS
650 _aNORFOLK
650 _aSUFFOLK
650 _aOFFICE MARKET
650 _aPENSIONS
650 _aPROPERTY-COMMERCIAL PROPERTY-RETAIL PROPERTY-RETAIL PROPERTY MARKET
650 _aKINGS LYNN
650 _aIPSWICH
650 _aINDUSTRIAL MARKET
690 _aCOMMERCIAL PROPERTY-MARKET
942 _n0
999 _c118369
_d118369